000 00642nam a2200241Ia 4500
003 OSt
005 20220916111057.0
006 a|||||r|||| 00| 0
007 ta
008 220915b |||||||| |||| 00| 0 eng d
024 _a248581
037 _cTextbook
040 _beng
_aARTS
_cARTS
041 _aeng
082 _aV27136:71.N73, L4
100 _aDeo Shantaram Bhalchandra
245 0 _aExcavations at bhokardan
260 _anagpur
_bNagpur University India
300 _a235p.
_ccm.
650 _aHISTORY
942 _hV27136:71.N73, L4
_cTB
_2CC
999 _c105081
_d105081